[Event "WYCC 2018 O16"]
[Site "Halkidiki"]
[Date "2018.10.20"]
[Round "1"]
[White "Zenelaj, Samuel"]
[Black "Petriashvili, Nikoloz"]
[Result "0-1"]
[WhiteElo "1952"]
[BlackElo "2343"]
[Annotator "NA"]
[PlyCount "84"]
[EventDate "2018.10.20"]
[EventType "swiss"]
[EventCountry "GRE"]
[SourceTitle "playchess.com"]
[Source "ChessBase"]
[SourceQuality "1"]
[TimeControl "40/5400+30:1800+30"]

1. c4 {[%emt 0:00:00]} g6 {[%emt 0:00:00]} 2. Nc3 {[%emt 0:00:00]} Bg7 {[%emt 0:00:00]} 3. g3 {[%emt 0:00:00]} c5 {[%emt 0:00:00]} 4. Bg2 {[%emt 0:00:02]} Nc6 {[%emt 0:00:00]} 5. e3 {[%emt 0:00:13]} e5 {[%emt 0:01:28]} 6. Nge2 {[%emt 0:00:55]} Nge7 {[%emt 0:00:03]} 7. d3 {[%emt 0:00:55]} O-O {[%emt 0:00:11]} 8. O-O {[%emt 0:00:34]} d6 {[%emt 0:00:04]} 9. a3 {[%emt 0:01:02]} Bf5 {[%emt 0:09:49] A36: Symmetrical English vs ...g6: 4 Bg2 Bg7} 10. Nd5 $146 {[%emt 0:05:50]} ({Predecessor:} 10. Rb1 Qd7 11. b4 Rac8 12. Nd5 cxb4 13. Nxe7+ Nxe7 14. Rxb4 b6 15. Nc3 Bh3 16. Bxh3 Qxh3 17. Bd2 f5 18. c5 f4 19. exf4 bxc5 {1-0 (35) Istratescu,A (2556)-Miljanic,B (2429) Bucharest 2000}) 10... Rb8 {[%emt 0:02:16]} 11. Rb1 {[%emt 0:05:16]} b5 {[%emt 0:04:20]} 12. cxb5 {[%emt 0:05:07]} Rxb5 {[%emt 0:00:17]} 13. Nec3 {[%emt 0:01:03]} Rb8 {[%emt 0:00:14]} 14. b4 {[%emt 0:04:17]} Nxd5 {[%emt 0:09:00]} 15. Nxd5 {[%emt 0:01:55]} Ne7 {[%emt 0:00:49]} 16. Nxe7+ {[%emt 0:13:30]} Qxe7 {[%emt 0:00:02]} 17. e4 {[%emt 0:02:02]} Bd7 {[%emt 0:03:29]} 18. Be3 {[%emt 0:02:22]} cxb4 {[%emt 0:00:02]} 19. Rxb4 {[%emt 0:08:42]} Rxb4 {[%emt 0:02:44]} 20. axb4 {[%emt 0:00:10]} Bb5 {[%emt 0:00:03]} 21. Qb3 {[%emt 0:05:00]} Rc8 {[%emt 0:00:18]} 22. Ra1 {[%emt 0:02:24]} a6 {[%emt 0:00:10]} 23. Rc1 {[%emt 0:04:24]} Rxc1+ {[%emt 0:01:39]} 24. Bxc1 {[%emt 0:00:12]} Qc7 {[%emt 0:02:05]} 25. Bd2 {[%emt 0:03:00]} Bf6 {[%emt 0:00:08]} 26. Bf1 $11 {[%emt 0:02:29]} Bd8 {[%emt 0:01:51]} 27. Qc3 {[%emt 0:02:03]} Qxc3 {[%emt 0:00:32]} 28. Bxc3 {[%emt 0:00:06]} Bb6 {[%emt 0:00:02]} 29. Be2 {[%emt 0:03:14]} f5 {[%emt 0:00:17]} 30. Kf1 {[%emt 0:00:43]} Kf7 {[%emt 0:00:02]} 31. f3 {[%emt 0:11:18]} Ke6 {[%emt 0:00:07]} 32. d4 {[%emt 0:06:40]} fxe4 {[%emt 0:01:00]} 33. dxe5 {[%emt 0:02:26]} exf3 {[%emt 0:00:08]} 34. Bxb5 {[%emt 0:00:10]} axb5 {[%emt 0:00:02]} 35. exd6 {[%emt 0:00:11]} Kxd6 {[%emt 0:00:01]} 36. g4 {[%emt 0:01:25]} Kd5 {[%emt 0:00:05]} 37. h4 {[%emt 0:00:18]} Kc4 {[%emt 0:00:11]} 38. Bd2 {[%emt 0:00:12]} h5 {[%emt 0:00:05]} 39. gxh5 {[%emt 0:00:26]} gxh5 {[%emt 0:00:01]} 40. Ke1 {[%emt 0:00:00]} Ba7 {[%emt 0:00:00]} 41. Kf1 {[%emt 0:02:16]} Bd4 {[%emt 0:00:12]} 42. Be1 {[%emt 0:00:39]} Be3 {[%emt 0:00:01]} 0-1

[Event "WYCC 2018 O16"]
[Site "Halkidiki"]
[Date "2018.10.20"]
[Round "1"]
[White "Alcon Llosada, Alex"]
[Black "Olsen, Filip Boe"]
[Result "0-1"]
[WhiteElo "1928"]
[BlackElo "2335"]
[Annotator "NA"]
[PlyCount "66"]
[EventDate "2018.10.20"]
[EventType "swiss"]
[EventCountry "GRE"]
[SourceTitle "playchess.com"]
[Source "ChessBase"]
[SourceQuality "1"]
[TimeControl "40/5400+30:1800+30"]

1. d4 {[%emt 0:00:00]} d5 {[%emt 0:00:00]} 2. Nf3 {[%emt 0:00:00]} Nf6 {[%emt 0:00:00]} 3. g3 {[%emt 0:04:13]} Bf5 {[%emt 0:03:23]} 4. Bg2 {[%emt 0:01:55]} e6 {[%emt 0:00:26]} 5. O-O {[%emt 0:02:23]} Be7 {[%emt 0:00:58]} 6. c4 {[%emt 0:03:06]} c6 {[%emt 0:00:59]} 7. Nc3 {[%emt 0:04:47]} h6 {[%emt 0:02:52]} 8. b3 {[%emt 0:05:14]} O-O {[%emt 0:01:12]} 9. e3 {[%emt 0:04:15]} Nbd7 {[%emt 0:02:57]} 10. Bb2 {[%emt 0:03:03]} Ne4 {[%emt 0:07:37]} 11. Qe2 {[%emt 0:13:54]} a5 $11 {[%emt 0:03:41]} 12. a3 {[%emt 0:16:04]} Ndf6 {[%emt 0:08:24]} 13. Na4 {[%emt 0:05:51]} b5 {[%emt 0:10:42]} 14. Nc3 {[%emt 0:07:31]} Nxc3 {[%emt 0:06:02]} 15. Bxc3 {[%emt 0:01:27]} a4 {[%emt 0:07:26]} 16. Ne5 {[%emt 0:04:07]} Qc7 {[%emt 0:03:06]} 17. cxb5 {[%emt 0:04:54]} cxb5 {[%emt 0:01:05]} 18. Rfc1 {[%emt 0:02:29]} axb3 {[%emt 0:04:00]} 19. Bb2 {[%emt 0:06:08]} Qb7 {[%emt 0:04:13]} 20. Nd3 {[%emt 0:01:09]} b4 {[%emt 0:05:22]} 21. a4 {[%emt 0:00:31]} Ne4 {[%emt 0:04:24]} 22. Bxe4 {[%emt 0:02:12]} Bxe4 {[%emt 0:00:24]} 23. Qd1 {[%emt 0:01:24]} Qa6 {[%emt 0:02:03]} 24. Nc5 {[%emt 0:01:03]} Bxc5 {[%emt 0:00:18]} 25. Rxc5 {[%emt 0:01:20]} Rfc8 {[%emt 0:01:31]} 26. Qxb3 {[%emt 0:00:49]} Rxc5 {[%emt 0:05:10]} 27. dxc5 {[%emt 0:00:07]} Qc4 {[%emt 0:02:30]} 28. Qd1 {[%emt 0:02:13]} Qxc5 {[%emt 0:00:42]} 29. Rc1 {[%emt 0:00:07]} Qb6 {[%emt 0:00:54]} 30. Qd4 {[%emt 0:00:43]} Qxd4 {[%emt 0:00:09]} 31. Bxd4 {[%emt 0:00:04]} Rxa4 {[%emt 0:00:44]} 32. Rc8+ {[%emt 0:00:21]} Kh7 {[%emt 0:00:08]} 33. Rb8 {[%emt 0:00:06]} Bc2 {[%emt 0:01:04]} 0-1

[Event "WYCC 2018 O16"]
[Site "Halkidiki"]
[Date "2018.10.20"]
[Round "1"]
[White "Araoz Andrade, Ivan Alexander"]
[Black "Szpar, Milosz"]
[Result "0-1"]
[WhiteElo "1919"]
[BlackElo "2328"]
[Annotator "NA"]
[PlyCount "120"]
[EventDate "2018.10.20"]
[EventType "swiss"]
[EventCountry "GRE"]
[SourceTitle "playchess.com"]
[Source "ChessBase"]
[SourceQuality "1"]
[TimeControl "40/5400+30:1800+30"]

1. e4 {[%emt 0:00:00]} c5 {[%emt 0:00:00]} 2. Nf3 {[%emt 0:00:00]} Nc6 {[%emt 0:00:00]} 3. Bb5 {[%emt 0:00:00]} d6 {[%emt 0:00:39]} 4. d4 {[%emt 0:04:27]} cxd4 {[%emt 0:00:14]} 5. Nxd4 {[%emt 0:00:19]} Bd7 {[%emt 0:01:06]} 6. O-O {[%emt 0:04:42]} Nf6 {[%emt 0:05:43]} 7. Re1 {[%emt 0:05:09] B51: Sicilian: Moscow Variation (3 Bb5+) without 3...Bd7} e6 {[%emt 0:07:43]} (7... g6 8. Bxc6 bxc6 9. Nf3 e5 10. c4 Qe7 11. b3 Bg4 12. Nc3 Nd7 13. h3 Bxf3 14. Qxf3 {½-½ (41) Paichadze,L (2491)-Mamedyarov,S (2752) Plovdiv 2012}) 8. c4 {[%emt 0:25:53]} a6 {[%emt 0:06:42]} 9. Bxc6 {[%emt 0:02:35]} bxc6 $146 {[%emt 0:01:43]} ({Predecessor:} 9... Bxc6 10. Nxc6 bxc6 11. Nc3 Be7 12. Bg5 O-O 13. Qd2 Qc7 14. Rac1 Rad8 {0-1 (32) Andersen,C (1766)-Jacobsen,F (2028) Helsingor 2016}) 10. Nc3 {[%emt 0:01:19]} Be7 {[%emt 0:03:08]} 11. e5 {[%emt 0:14:20]} dxe5 {[%emt 0:00:46]} 12. Nf3 {[%emt 0:01:19]} e4 {[%emt 0:14:20]} 13. Ne5 {[%emt 0:03:58]} Qc7 {[%emt 0:07:04]} 14. Nxd7 {[%emt 0:11:59]} Qxd7 {[%emt 0:05:40]} 15. Qxd7+ {[%emt 0:05:36]} Nxd7 {[%emt 0:00:48]} 16. Nxe4 {[%emt 0:01:12]} Ne5 {[%emt 0:01:34]} 17. b3 {[%emt 0:05:31]} Nd3 {[%emt 0:08:23]} 18. Rd1 {[%emt 0:01:48]} O-O-O {[%emt 0:04:31]} 19. Kf1 {[%emt 0:04:34]} f5 {[%emt 0:01:51]} 20. Ng3 {[%emt 0:00:31]} Rd7 {[%emt 0:05:29]} 21. Ke2 {[%emt 0:03:17]} Rhd8 {[%emt 0:01:43]} 22. Rb1 {[%emt 0:00:45]} g6 {[%emt 0:04:12]} 23. f3 {[%emt 0:01:14]} e5 {[%emt 0:03:41]} 24. Nh1 {[%emt 0:00:45]} Kb7 {[%emt 0:03:30]} 25. h3 {[%emt 0:00:42]} a5 {[%emt 0:03:24]} 26. g3 {[%emt 0:00:26]} g5 {[%emt 0:01:55]} 27. Be3 {[%emt 0:00:33]} f4 {[%emt 0:01:02]} 28. Bd2 {[%emt 0:00:01]} Bb4 {[%emt 0:01:29]} 29. Bxb4 {[%emt 0:00:37]} axb4 {[%emt 0:02:01]} 30. g4 {[%emt 0:00:13]} Kb6 {[%emt 0:01:16]} 31. Ra1 {[%emt 0:01:11]} Rd4 {[%emt 0:00:44]} 32. Kf1 {[%emt 0:00:33]} Kc5 {[%emt 0:01:32]} 33. Rd2 {[%emt 0:00:28]} e4 {[%emt 0:00:53]} 34. fxe4 {[%emt 0:00:24]} Rxe4 {[%emt 0:00:34]} 35. Nf2 {[%emt 0:00:36]} Red4 {[%emt 0:00:26]} 36. Re2 {[%emt 0:00:28]} Nxf2 {[%emt 0:01:37]} 37. Kxf2 {[%emt 0:00:07]} Rd2 {[%emt 0:00:13]} 38. Rae1 {[%emt 0:00:24]} R8d3 {[%emt 0:00:22]} 39. Kg1 {[%emt 0:01:01]} Rxe2 {[%emt 0:00:33]} 40. Rxe2 {[%emt 0:00:00]} Re3 {[%emt 0:00:00]} 41. Rh2 {[%emt 0:05:47]} h6 {[%emt 0:04:39]} 42. Kf1 {[%emt 0:01:09]} Rc3 {[%emt 0:06:55]} 43. Ke1 {[%emt 0:01:42]} Kd4 {[%emt 0:01:19]} 44. h4 {[%emt 0:03:34]} Rc1+ {[%emt 0:00:21]} 45. Kd2 {[%emt 0:00:45]} Ra1 {[%emt 0:00:06]} 46. Rh3 {[%emt 0:01:31]} Rxa2+ {[%emt 0:00:09]} 47. Kd1 {[%emt 0:00:44]} Rg2 {[%emt 0:01:07]} 48. hxg5 {[%emt 0:00:47]} hxg5 {[%emt 0:00:06]} 49. Rh6 {[%emt 0:00:45]} Kc5 {[%emt 0:00:59]} 50. Rf6 {[%emt 0:01:04]} Rxg4 {[%emt 0:00:22]} 51. Kd2 {[%emt 0:01:07]} Rg3 {[%emt 0:00:14]} 52. Kc2 {[%emt 0:00:09]} Rc3+ {[%emt 0:01:33]} 53. Kb2 {[%emt 0:00:01]} Kd4 {[%emt 0:01:45]} 54. Rg6 $19 {[%emt 0:03:48]} f3 {[%emt 0:01:45]} 55. Rxg5 {[%emt 0:00:39]} f2 {[%emt 0:00:19]} 56. Rf5 {[%emt 0:00:29]} Ke3 {[%emt 0:00:05]} 57. c5 {[%emt 0:02:35]} Ke2 {[%emt 0:00:09]} 58. Re5+ {[%emt 0:00:43]} Re3 {[%emt 0:00:06]} 59. Rh5 {[%emt 0:00:07]} f1=Q {[%emt 0:00:11]} 60. Rh2+ {[%emt 0:00:04]} Kd3 {[%emt 0:00:31]} 0-1

[Event "WYCC 2018 O16"]
[Site "Halkidiki"]
[Date "2018.10.21"]
[Round "2"]
[White "Esipenko, Andrey"]
[Black "Golikov, Daniil"]
[Result "1-0"]
[WhiteElo "2609"]
[BlackElo "2319"]
[Annotator "TA"]
[PlyCount "35"]
[EventDate "2018.10.20"]
[EventType "swiss"]
[EventCountry "GRE"]
[SourceTitle "playchess.com"]
[Source "ChessBase"]
[SourceQuality "1"]

{[%evp 17,35,10,7,-11,13,16,72,74,218,211,358,338,392,371,364,404,614,616,599,613]} 1. Nf3 Nf6 2. c4 e6 3. Nc3 d5 4. d4 c6 5. e3 Nbd7 6. Be2 dxc4 7. a4 Bd6 8. O-O O-O 9. Bxc4 e5 {LiveBook: 15 Games. D45: Semi-Slav: 5 e3} 10. Bb3 (10. a5 Rb8 11. Qc2 b5 12. axb6 axb6 13. Rd1 Qc7 14. h3 b5 15. Bb3 h6 16. Bd2 b4 17. Na4 {½-½ (32) Gajewski,G (2629)-Duda,J (2563) Warsaw 2014}) 10... exd4 11. exd4 h6 {[#]} (11... Re8 $11 {remains equal.}) 12. Qc2 $146 {Threatens to win with Bxh6!} ({Predecessor:} 12. Re1 Nb6 13. Ne5 Nbd5 14. Nxd5 cxd5 15. Qd3 Be6 16. f3 Rc8 17. Bd2 {1-0 (49) Lei,T (2488)-Karavade,E (2388) Khanty-Mansiysk 2017}) 12... a5 {[#]} (12... Qa5 $16 {might work better.}) 13. Bxh6 $1 $18 {[%mdl 512] Strongly threatening Qg6.} Kh8 (13... Nh7 {was worth a try.} 14. Rfd1 (14. Qg6 Qf6 $16) 14... Nb6) (13... gxh6 14. Qg6+) 14. Bg5 Qb6 15. Rfe1 Qc7 16. Ne4 Bf4 (16... Nd5 $142 17. Nxd6 Qxd6 18. Bxd5 Qxd5) 17. Bxf4 Qxf4 18. Neg5 1-0

[Event "WYCC 2018 O16"]
[Site "Halkidiki"]
[Date "2018.10.21"]
[Round "2"]
[White "Gavrilescu, David"]
[Black "Sahidi, Samir"]
[Result "1-0"]
[WhiteElo "2481"]
[BlackElo "2315"]
[Annotator "TA"]
[PlyCount "61"]
[EventDate "2018.10.20"]
[EventType "swiss"]
[EventCountry "GRE"]
[SourceTitle "playchess.com"]
[Source "ChessBase"]
[SourceQuality "1"]

{[%evp 18,61,87,51,90,100,104,106,162,162,169,150,148,108,133,128,248,235,351,275,243,254,529,482,420,481,608,623,622,625,1017,983,1017,1004,1006,981,1725,1706,29983,29983,29985,29985,29992,29987,29993,1034]} 1. e4 c5 2. Nf3 e6 3. d4 cxd4 4. Nxd4 Nc6 5. Nc3 Qc7 6. Be3 Nf6 7. f4 d6 8. Qf3 a6 9. O-O-O Be7 10. Rg1 Bd7 {B82: Sicilian Scheveningen: 6 f4} (10... h5 11. h3 h4 12. g4 hxg3 13. Qxg3 Nh5 14. Qf2 b5 15. e5 d5 16. Nxc6 Qxc6 17. Kb1 g6 18. Bg2 {0-1 (45) Predke,A (2540)-Grigoryan,K (2536) Kavala 2016}) 11. g4 h6 12. h4 g6 $146 (12... h5 $16) ({Predecessor:} 12... h5 13. gxh5 Nxh5 14. Nxc6 Bxc6 15. f5 Bf6 16. fxe6 fxe6 17. Bd4 e5 18. Be3 {½-½ (51) Rios Parra,A (2325)-Gamboa,N (2380) Pensilvania 1998}) 13. g5 $18 hxg5 14. hxg5 Nh5 15. Nxc6 Qxc6 16. f5 Bd8 (16... b5 $16) 17. Bd3 Ba5 (17... Bb6 $142 18. Bxb6 Qxb6 19. fxg6 fxg6) 18. fxg6 fxg6 {[#]} 19. Nd5 $1 {[%mdl 512]} exd5 $2 (19... Rf8 {keeps fighting.} 20. Nf6+ Kd8) 20. exd5 Qa4 21. Bxg6+ Kd8 22. Kb1 Kc7 {intending ...Raf8.} 23. Rd4 Bb4 24. Rc4+ Kb8 25. Bxh5 Qb5 26. b3 a5 27. g6 a4 28. g7 {White mates.} Rc8 29. g8=Q axb3 30. Rxc8+ Bxc8 {[#]} 31. Qxc8+ $1 {Precision: White = 88%, Black = 29%.} 1-0

[Event "WYCC 2018 O16"]
[Site "Halkidiki"]
[Date "2018.10.21"]
[Round "2"]
[White "Sargsyan, Shant"]
[Black "Bekturov, Tamerlan"]
[Result "1-0"]
[WhiteElo "2463"]
[BlackElo "2297"]
[Annotator "TA"]
[PlyCount "117"]
[EventDate "2018.10.20"]
[EventType "swiss"]
[EventCountry "GRE"]
[SourceTitle "playchess.com"]
[Source "ChessBase"]
[SourceQuality "1"]

{[%evp 23,117,43,33,0,145,112,136,89,81,95,96,102,229,206,237,143,153,158,151,144,135,39,50,43,41,16,16,16,16,10,18,10,23,0,0,0,30,9,67,35,33,0,0,1,42,45,119,103,109,104,182,112,205,197,354,328,441,262,237,239,261,239,219,187,210,204,631,629,628,606,984,493,1059,593,622,616,684,676,1290,995,995,1073,4714,1269,29962,29955,29971,29966,29969,12839,29979,29975,5612,5533,2307,2207]} 1. e4 c6 2. d4 d5 3. Nd2 {[%cal Bb1d2,Bd2e4,Be4g5][%mdl 32]} dxe4 4. Nxe4 Nd7 5. Ng5 Ngf6 6. Bd3 e6 7. N1f3 Bd6 8. Qe2 h6 9. Ne4 Nxe4 10. Qxe4 Nf6 11. Qe2 O-O 12. Bd2 {B17: Caro-Kann: Modern Line (4...Nd7)} (12. O-O Qc7 13. b3 b6 14. Bb2 Bb7 15. c4 c5 16. d5 exd5 17. Bxf6 Rfe8 18. Qb2 gxf6 19. Qxf6 dxc4 20. Bxc4 {1-0 (37) Movsesian,S (2677)-Velten,P (2459) Linares 2017}) 12... c5 {LiveBook: 4 Games} 13. g4 $146 ({Predecessor:} 13. dxc5 Bxc5 14. O-O-O Qb6 15. Ne5 Bd4 16. Nc4 Qc7 17. Rhe1 b5 18. Ne5 Bb7 19. f4 Bd5 20. Kb1 Rab8 21. g4 b4 22. h4 Qa5 23. Nc4 Bxc4 24. Bxc4 {1-0 (37) Bilguun,S (2460)-Bekturov,T (2223) Pardubice 2017}) 13... b5 (13... cxd4 $11 14. Rg1 e5) 14. dxc5 $16 {White is clearly better.} Bxc5 15. g5 hxg5 16. Bxg5 Qa5+ 17. c3 Nd5 (17... Rd8 $16) 18. Rg1 $1 $18 f6 19. Bd2 {Black must now prevent b4.} Qc7 20. Qe4 {And now Qh7+ would win.} (20. Bxb5 $6 Rb8 $14) 20... f5 21. Qh4 Be7 22. Qh5 (22. Bg5 $16) 22... Nf4 $14 23. Bxf4 $1 Qxf4 24. Ng5 (24. Bxb5 Rb8 $15) 24... Bxg5 $1 25. Qxg5 Qxg5 26. Rxg5 Rb8 27. Ke2 b4 28. Rag1 Rf7 29. c4 b3 30. a3 $36 {[%mdl 2048] White has the initiative.} Kf8 ({Better is} 30... a5 $11) 31. Rh5 Kg8 $1 32. Rg3 Rc7 33. Kd2 Ba6 34. Kc3 Kf7 (34... Rb6 $14) 35. Rhg5 $16 Kf8 36. h4 {[%cal Bh2h4,Bh4h5][%mdl 32]} Rd8 (36... Bb5 $16) 37. Be2 (37. Kxb3 Rxd3+ 38. Rxd3 Bxc4+ 39. Kc3 Bxd3+ 40. Kxd3 Rc1 $15) ({White should play} 37. h5 $1 $18) 37... Rd6 {[#]} (37... Rdc8 $16) 38. h5 $1 $18 {[%cal Rh5h6]} (38. Kxb3 Rd2 $15) 38... Rf7 $2 (38... Rdc6 {was necessary.}) 39. c5 (39. Kxb3 Rd4 $16) 39... Rc7 40. Rxg7 (40. h6 $142 {Strongly threatening h7.} Rxc5+ 41. Kb4 gxh6 42. Rg8+ (42. Kxc5 Rd5+ 43. Kb4 Bxe2 $18) 42... Ke7 43. R8g7+ (43. Kxc5 Rd5+ 44. Kb4 Bxe2 $16) 43... Kf8 44. Kxc5 Rd5+ 45. Kb4 Bxe2 46. Rxa7) 40... Rxc5+ (40... Rxg7 $2 41. cxd6 (41. Rxg7 Rc6 $15) 41... Bc8 42. Rxg7 $18) 41. Kb4 Rc1 42. Bxa6 Rxa6 {[%mdl 4096] Endgame [#] KRR-KRR} 43. Rb7 $1 {Threatens to win with h6.} ({Weaker is} 43. Kxb3 Rb6+ 44. Ka4 (44. Ka2 Rc2 $11) 44... Rxb2 $11) 43... Rh1 44. Kb5 ({Don't do} 44. Kxb3 $6 Rb6+ 45. Rxb6 axb6 $16) 44... Rb6+ $2 (44... Rd6 45. Rc3 (45. Rxb3 a6+ 46. Kc5 Rd5+ 47. Kb6 Rd6+ 48. Ka7 Rxh5 $16) (45. Rxa7 Rxh5 46. Rxb3 Rd8 $16) 45... Ke8) 45. Rxb6 axb6 46. Kxb6 Rxh5 47. Rxb3 {KR-KR} Rh2 (47... Rh4 $142 48. Rc3 Rf4) 48. Rf3 Ke7 49. a4 {[%cal Ba3a4,Ba4a5,Ba5a6,Ba6a7][%mdl 32]} Rh4 50. b3 Kd6 51. Rd3+ Ke5 52. a5 Rh2 53. Rd2 (53. a6 $142 Rxf2 54. a7) 53... Kf4 54. a6 e5 55. a7 Rh8 56. Kb7 Rh7+ 57. Ka6 Rh6+ 58. Ka5 Rh1 59. Ra2 {Precision: White = 61%, Black = 30%.} 1-0

[Event "WYCC 2018 O16"]
[Site "Halkidiki"]
[Date "2018.10.21"]
[Round "2"]
[White "Kozak, Adam"]
[Black "Van Malder, Dries"]
[Result "1/2-1/2"]
[WhiteElo "2445"]
[BlackElo "2150"]
[Annotator "TA"]
[PlyCount "77"]
[EventDate "2018.10.20"]
[EventType "swiss"]
[EventCountry "GRE"]
[SourceTitle "playchess.com"]
[Source "ChessBase"]
[SourceQuality "1"]

{[%evp 17,77,-8,0,-6,0,-24,0,-11,2,-29,-10,-22,-5,-7,0,0,5,6,41,5,21,7,75,75,78,74,64,11,18,9,18,16,15,0,56,6,25,0,21,-9,7,0,0,0,14,8,62,9,44,-8,32,-14,0,-20,-15,-23,-17,-22,-13,-6,-6,-35]} 1. Nf3 Nf6 2. g3 b5 3. Bg2 Bb7 4. O-O e6 5. b3 c5 6. c4 a6 7. Bb2 Be7 8. d3 O-O 9. Nbd2 d6 {LiveBook: 37 Games} 10. Qc2 {A13: English Opening: 1...e6} Nc6 11. Rac1 Rc8 $146 ({Predecessor:} 11... Qb6 12. Qb1 Nd7 13. Rfd1 e5 14. Nf1 Nd4 15. Bxd4 exd4 16. Ne1 f5 17. Bxb7 Qxb7 {0-1 (31) Kolesar,M (2162)-Drazic,S (2528) Pula 2012}) 12. Qb1 Qb6 13. Qa1 Rfd8 14. Rfe1 d5 15. cxd5 exd5 16. e3 Ne8 17. a3 Bf6 18. Rc2 Bxb2 19. Qxb2 Nf6 (19... b4 $11) 20. Rec1 $16 Nd7 21. Bh3 Ne7 22. Ne5 (22. d4 $14) 22... Nxe5 $11 23. Qxe5 Rc7 24. Bg2 Ng6 25. Qb2 {Strongly threatening d4.} (25. Qc3 {is more complex.} Rdc8 26. Qb2 Qd6 27. d4 c4 28. e4) 25... Qd6 (25... d4 $11 26. exd4 Bxg2 27. Kxg2 Rcd7) 26. Nf3 Bc8 27. Rd2 Qe7 28. h3 Be6 29. Qc3 Rdc8 30. Qa5 Rc6 31. Rdc2 Qd7 (31... Qd6 $11) 32. Kh2 (32. a4 $14) 32... h6 33. Qc3 (33. a4 $14) 33... Qd6 34. Qb2 Bf5 35. Rc3 R6c7 36. Qd2 a5 37. R3c2 {The position is equal.} b4 38. axb4 axb4 39. Rb2 {Precision: White = 23%, Black = 31%.} 1/2-1/2

[Event "WYCC 2018 O16"]
[Site "Halkidiki"]
[Date "2018.10.21"]
[Round "2"]
[White "Vrolijk, Liam"]
[Black "Kamer, Kayra"]
[Result "1/2-1/2"]
[WhiteElo "2437"]
[BlackElo "2290"]
[Annotator "TA"]
[PlyCount "157"]
[EventDate "2018.10.20"]
[EventType "swiss"]
[EventCountry "GRE"]
[SourceTitle "playchess.com"]
[Source "ChessBase"]
[SourceQuality "1"]

{[%evp 21,157,43,49,43,59,56,47,46,61,52,75,69,78,38,41,40,59,61,116,40,46,39,49,47,50,47,42,47,29,19,42,44,59,13,12,0,33,33,33,21,32,36,54,45,53,53,58,54,74,17,18,18,62,18,77,0,0,0,57,49,52,54,64,0,0,-1896,-359,-353,-316,-513,-94,-94,-95,-97,-104,-104,-104,-104,-104,-104,-104,-104,-104,-125,-112,-122,-60,-60,-64,-75,-76,-82,-81,-113,-109,-118,-82,-82,-82,-82,-81,-102,-71,-134,-75,-172,-156,-152,-148,-162,-13,-18,-13,-13,-8,-8,-8,-8,-8,-8,-8,-8,-8,-8,-8,-8,-8,-8,-8,-8,-8,-8,-8,-8,0,-8,-8,-10]} 1. d4 Nf6 2. c4 g6 3. Nc3 Bg7 4. e4 d6 5. f3 O-O 6. Nge2 c5 7. d5 e6 8. Ng3 Na6 9. Be2 exd5 10. cxd5 Nc7 11. O-O a6 {LiveBook: 7 Games. A65: Modern Benoni: 6 e4} 12. Bf4 (12. a4 Bd7 13. Bg5 h6 14. Be3 b5 15. e5 Qe8 16. f4 dxe5 17. f5 b4 18. Nce4 Nxe4 19. Nxe4 Bxf5 {½-½ (41) Sanikidze,T (2537)-Volokitin,A (2642) Gjakova 2016 CBM 173 [Volokitin,A]}) 12... Re8 13. Qd2 $146 ({Predecessor:} 13. a4 Rb8 14. Qd2 Na8 15. Bg5 Qc7 16. Kh1 c4 17. Rfc1 Nd7 18. Bh6 Bh8 19. Nf5 {1-0 (50) Issing,P (2273)-Kaphle,S (2152) Germany 2011}) 13... b5 {White is slightly better.} 14. a3 Rb8 15. b4 cxb4 16. axb4 Na8 17. Bd3 Bb7 18. Rac1 Rc8 19. Nce2 {[%cal Bc3e2,Be2c1,Bc1b3,Bb3a5][%mdl 32]} Qe7 (19... Nb6 $14) 20. Rxc8 ({White should try} 20. Nd4 $1 $16) 20... Rxc8 $14 21. Rc1 Rxc1+ 22. Nxc1 Nd7 23. Nb3 Ne5 24. Na5 Nb6 {[%cal Ba8b6,Bb6a4,Ba4b2][%mdl 32]} 25. Qc2 Qd7 26. Be3 Na4 27. Ne2 {[%cal Bg3e2,Be2c1,Bc1b3][%mdl 32]} Nb2 28. Nc1 Qc8 (28... f5 $5) 29. Nxb7 Qxb7 30. Be2 Nec4 31. Bf2 a5 32. bxa5 Nxa5 33. Nb3 Nac4 34. Nd4 Qa6 {[#]} 35. g3 (35. g4 $1 $16) 35... Qa4 $11 {White must now prevent ...Bxd4.} 36. Qc1 h6 37. Kg2 Qb4 {[#]} (37... h5 $11 {remains equal.}) 38. h4 (38. g4 $1 $16) 38... h5 $1 39. Qg5 {Threatens to win with Nc6.} Ne5 (39... Qc3 $11 40. e5 (40. Nxb5 Qc2 $11) 40... dxe5) 40. Nc6 $14 ({But not} 40. Bxb5 $2 Nd1 $19) 40... Qc3 $1 41. Qd8+ Kh7 42. Ne7 (42. Qa5 $1 $14 Nec4 43. Qxc3 (43. Qxb5 Qc2 $11) 43... Bxc3 44. Nd4) 42... Qd2 $11 43. Bxb5 $2 {[%mdl 8192]} (43. Qg8+ $11 Kh6 44. f4 Qxe2 45. fxe5 Qxe4+ 46. Kh2) 43... Nbd3 $2 (43... Nd1 44. Qb6 Bh6) 44. Qb6 $19 Ne1+ 45. Kh3 $2 (45. Kf1 N1xf3 46. Qe3) 45... N1xf3 $2 (45... N5d3 $19 {and Black stays clearly on top.} 46. Bxd3 Qxd3 47. Bxe1 Bd4 48. Qxd4 Qxd4) 46. Qe3 $17 Ng4 47. Qxd2 Nxd2 48. Be1 Nxe4 49. Kg2 Bf6 50. Nc8 Be5 51. Kf3 f5 52. Bd3 Ngf6 53. Nb6 g5 (53... Nc5 $17 54. Bc2 Kg7) 54. hxg5 $15 Nxg5+ 55. Kg2 Kg6 56. Bc2 Bd4 57. Nc4 Nxd5 58. Bd2 Nf7 59. Bb3 Nf6 60. Bf4 Ne4 61. Bc2 Be5 62. Be3 (62. Ne3 $142) 62... d5 ({Black should play} 62... Nh6 63. Bb6 Ng4) 63. Na5 (63. Nxe5+ $17 {might work better.} Nxe5 64. Ba4) 63... Nd8 64. Bb6 Ne6 {aiming for ...Bd4.} 65. Nc6 Bf6 ({Don't do} 65... Bxg3 66. Bxe4 dxe4 67. Kxg3 $17) ({Better is} 65... Bd6 $19 66. Bf2 Kf6) 66. Bb3 $11 {The position is equal.} Nc3 67. Nb4 Bd4 68. Nxd5 Ne4 (68... Nxd5 {is interesting.} 69. Bxd4 Nxd4 70. Bxd5 Kg5 71. Kf2 Kg4) 69. Bxd4 Nxd4 {[%mdl 4096] Endgame KBN-KNN} 70. Nf4+ Kg5 71. Bd1 Nxg3 72. Kxg3 h4+ 73. Kh3 Kxf4 74. Kxh4 {KB-KN} Ke3 75. Bh5 f4 76. Kh3 Kf2 77. Kg4 Ke3 {( -> ...f3)} 78. Kh3 Ne2 79. Kg2 {Precision: White = 59%, Black = 49%.} 1/2-1/2